• 首页
  • 本馆介绍
  • 公告通知
  • 最新文献
  • 馆藏检索
  • 电子资源
  • 读者导购
  • 参考咨询
  • 我的图书馆
  • 登录
  • 详细信息显示
  • 放入我的书架
  • 预约/预借图书
  • 作者相关作品
  • 分类相关作品
  • 丛书相关作品
  • 出版社相关作品

书目信息

  • 表格格式
  • 工作单格式
  • 卡片格式
题名:
国际政治与中国
    
 
作者: 阎学通 著
分册:  
出版信息: 北京   北京大学出版社  2005
页数: 283页
开本: 23cm
丛书名: 未名社科菁华
单 册:
中图分类: D5 , D820
科图分类:
主题词: 国际政治--研究 , 中国对外政策--研究 , 国际政治 , 中国对外政策
电子资源:
ISBN: 7-301-09014-5
000 00993oam2 2200313 450
001 012007361107
005 20070522165645.64
010    @a7-301-09014-5@dCNY30.00
100    @a20070515d2005 km y0chiy0120 ea
101 0  @achi
102    @aCN@b110000
105    @ay z 000yy
106    @ar
200 1  @a国际政治与中国@Aguo ji zheng zhi yu zhong guo@f阎学通著@Fyan xue tong zhu
210    @a北京@c北京大学出版社@d2005
215    @a283页@d23cm
225 2  @a未名社科菁华@i国际关系学
330    @a本书收集了作者十几年来的学术文章,围绕国际政治学在中国的发展,系统地整理了国际关系研究方法,旨在推动我国国际关系研究从传统向科学研究转变。
461  0 @12001 @a未名社科菁华
510 1  @aInternational politics and China@zeng
606 0  @a国际政治@x研究
606 0  @a中国对外政策@x研究
606 0  @a国际政治
606 0  @a中国对外政策
690    @aD5@v4
690    @aD820@v4
701  0 @a阎学通@Ayan xue tong@f(1952~)@4著
801  0 @aCN@bRULIN@c20070522
905    @dD5@e154@s8
    
    国际政治与中国/阎学通著.-北京:北京大学出版社,2005
    283页;23cm.-(未名社科菁华.国际关系学)
    
    
    ISBN 7-301-09014-5:CNY30.00
    本书收集了作者十几年来的学术文章,围绕国际政治学在中国的发展,系统地整理了国际关系研究方法,旨在推动我国国际关系研究从传统向科学研究转变。
●
相关链接 在E读中查询图书 在五车中查询图书 在当当中查询图书 在豆瓣中查询图书


正题名:国际政治与中国     索取号:D5/154         预约/预借

序号 登录号 条形码 馆藏地/架位号 状态 备注
1 0579613   205796138   第一样本阅览室/ [索取号:D5/154] 在馆    
2 0579614   205796147   密集书库/ [索取号:D5/154] 在馆    
3 0579615   205796156   第一借阅区/ [索取号:D5/154] 在馆    
4 0579616   205796165   密集书库/ [索取号:D5/154] 在馆    
5 0579617   205796174   第一借阅区/ [索取号:D5/154] 在馆    
6 0579618   205796183   密集书库/ [索取号:D5/154] 在馆    
7 0579619   205796192   第一借阅区/ [索取号:D5/154] 在馆    
8 0579620   205796209   密集书库/ [索取号:D5/154] 在馆    
唐山师范学院图书馆 欢迎您!
大连网信软件有限公司© 版权所有